[Event "Berlin Lichtenberger Sommer 3th"]
[Site "Berlin"]
[Date "2004.08.22"]
[Round "8.75"]
[White "Gruenwald, Alexander"]
[Black "Duric, Rajko"]
[Result "1-0"]
[WhiteElo "1754"]
[BlackElo "1641"]
[PlyCount "163"]
[EventDate "2004.08.14"]
[EventType "swiss"]
[EventRounds "9"]
[EventCountry "GER"]
[SourceTitle "EXT 2022"]
[Source "ChessBase"]
[SourceDate "2021.10.06"]
[SourceVersion "1"]
[SourceVersionDate "2021.10.06"]
[SourceQuality "1"]

1. e4 e5 2. Nf3 Nc6 3. Bb5 a6 4. Ba4 Nf6 5. 0-0 b5 6. Bb3 d6 7. Re1 Na5 8. d4 Nxb3 9. axb3 Nd7 10. d5 Be7 11. c4 Bb7 12. Nc3 b4 13. Ne2 c5 14. Ng3 Nf6 15. Nf5 Bf8 16. Bg5 h6 17. Bh4 g6 18. Bxf6 Qxf6 19. Ng3 h5 20. h4 Bh6 21. Kf1 Bc8 22. Qd3 Bg4 23. Ng5 Bxg5 24. hxg5 Qxg5 25. Re3 0-0 26. f3 Bc8 27. Kf2 h4 28. Ne2 f5 29. Qd1 fxe4 30. Rxe4 Bf5 31. Re3 Ra7 32. Qh1 Bc8 33. Ng1 Rf4 34. Ne2 Rff7 35. Ng1 Qg3+ 36. Ke2 Rf4 37. Nh3 Rf6 38. Nf2 Bf5 39. Ne4 Bxe4 40. Rxe4 Rf4 41. Qh3 Rxe4+ 42. fxe4 Qxh3 43. gxh3 Kg7 44. Kf3 g5 45. Kg4 Kg6 46. Rf1 a5 47. Rf5 a4 48. Rxg5+ Kf6 49. bxa4 Rxa4 50. b3 Ra3 51. Rf5+ Ke7 52. Rf3 Ra2 53. Re3 Rc2 54. Kxh4 Rc3 55. Rg3 Rc2 56. Kg4 Rf2 57. Rf3 Rg2+ 58. Rg3 Rf2 59. Re3 Rf4+ 60. Kg5 Kf7 61. h4 Kg7 62. h5 Kh7 63. h6 Rf8 64. Kh5 Rf6 65. Rg3 Rxh6+ 66. Kg5 Rg6+ 67. Kh4 Rf6 68. Kg4 Rf4+ 69. Kg5 Kg7 70. Rh3 Rf6 71. Rh7+ Kxh7 72. Kxf6 Kh6 73. Ke6 Kg5 74. Kxd6 Kf4 75. Kxc5 Kxe4 76. d6 Kd3 77. d7 Kc3 78. d8Q Kxb3 79. Qd3+ Ka4 80. Qe3 b3 81. Qxe5 b2 82. Qxb2 1-0

[Event "Berlin Lichtenberger Sommer 3th"]
[Site "Berlin"]
[Date "2004.08.14"]
[Round "1.52"]
[White "Duric, Rajko"]
[Black "Mueller, Martin"]
[Result "0-1"]
[WhiteElo "1641"]
[BlackElo "2028"]
[PlyCount "76"]
[EventDate "2004.08.14"]
[EventType "swiss"]
[EventRounds "9"]
[EventCountry "GER"]
[SourceTitle "EXT 2022"]
[Source "ChessBase"]
[SourceDate "2021.10.06"]
[SourceVersion "1"]
[SourceVersionDate "2021.10.06"]
[SourceQuality "1"]

1. e4 d6 2. d4 Nf6 3. Nc3 g6 4. f3 c6 5. Bd3 e5 6. dxe5 dxe5 7. Bg5 Be6 8. Be2 Nbd7 9. Qd2 Qa5 10. Bd3 Be7 11. Nge2 0-0-0 12. 0-0 Qb6+ 13. Kh1 Qxb2 14. Rab1 Qa3 15. Rfd1 Nc5 16. Qc1 Qxc1 17. Rbxc1 Rd7 18. Be3 Rhd8 19. Bxc5 Bxc5 20. Rb1 b5 21. Nc1 Bb6 22. Nb3 Ne8 23. Be2 Rxd1+ 24. Rxd1 Rxd1+ 25. Nxd1 Nd6 26. Nb2 c5 27. c3 a5 28. Nc1 c4 29. Nd1 Bc5 30. Bf1 Ba3 31. Ne2 b4 32. f4 b3 33. axb3 cxb3 34. fxe5 Nxe4 35. Nd4 b2 36. Bd3 Nd2 37. Ba6+ Kd8 38. Nxe6+ fxe6 0-1

[Event "Seefeld op 14th"]
[Site "Seefeld"]
[Date "2003.09.18"]
[Round "6"]
[White "Duric, Rajko"]
[Black "Urban, Rudolf"]
[Result "1/2-1/2"]
[WhiteElo "1696"]
[BlackElo "2061"]
[PlyCount "78"]
[EventDate "2003.09.13"]
[EventType "swiss"]
[EventRounds "9"]
[EventCountry "AUT"]
[SourceTitle "CBM 097 Extra"]
[Source "ChessBase"]
[SourceDate "2004.01.13"]
[SourceVersion "1"]
[SourceVersionDate "2004.01.13"]
[SourceQuality "1"]

1. e4 c5 2. Nc3 e6 3. f4 d6 4. Nf3 Nc6 5. Bb5 a6 6. Bxc6+ bxc6 7. d3 g6 8. 0-0 Bg7 9. Bd2 Ne7 10. Qe1 Rb8 11. Rb1 0-0 12. Na4 f5 13. e5 dxe5 14. fxe5 Qd5 15. Qf2 c4 16. d4 Qb5 17. Nc3 Qb7 18. b3 cxb3 19. Rxb3 Qc7 20. Rxb8 Qxb8 21. Rb1 Qc7 22. Bg5 Nd5 23. Ne2 h6 24. Bd2 a5 25. Qh4 g5 26. Qe1 Ba6 27. Bxa5 Qa7 28. Nc3 Rb8 29. Nxd5 cxd5 30. Rxb8+ Qxb8 31. Qb4 Qb5 32. Qxb5 Bxb5 33. Bb4 g4 34. Nd2 h5 35. g3 Bh6 36. Kf2 f4 37. a3 f3 38. Nf1 Kf7 39. Ne3 Bxe3+ 1/2-1/2

[Event "Seefeld op 14th"]
[Site "Seefeld"]
[Date "2003.09.16"]
[Round "4"]
[White "Safdar, Mahmood"]
[Black "Duric, Rajko"]
[Result "0-1"]
[WhiteElo "1638"]
[BlackElo "1696"]
[PlyCount "98"]
[EventDate "2003.09.13"]
[EventType "swiss"]
[EventRounds "9"]
[EventCountry "AUT"]
[SourceTitle "CBM 097 Extra"]
[Source "ChessBase"]
[SourceDate "2004.01.13"]
[SourceVersion "1"]
[SourceVersionDate "2004.01.13"]
[SourceQuality "1"]

1. e4 e5 2. f4 d6 3. Nf3 Bg4 4. Bc4 Be7 5. fxe5 dxe5 6. Bxf7+ Kxf7 7. Nxe5+ Ke8 8. Nxg4 h5 9. Nf2 Nc6 10. 0-0 Bc5 11. c3 Qd3 12. Kh1 Bxf2 13. Rxf2 Ne5 14. Qa4+ Nc6 15. Rf3 Qe2 16. h3 Qe1+ 17. Kh2 Qxc1 18. Qb3 Nge7 19. Qf7+ Kd7 20. Rd3+ Kc8 21. Qe6+ Kb8 22. Qb3 b6 23. c4 Ne5 24. Re3 Qxc4 25. Qd1 Qd4 26. Nc3 Nc4 27. Re2 Kb7 28. b3 Qe5+ 29. Kh1 Nd6 30. Rc1 Nb5 31. Na4 Rad8 32. d3 Qd4 33. Nb2 Nc3 34. Rxc3 Qxc3 35. Rc2 Qe5 36. Qe2 Rhf8 37. a4 Nc6 38. Rc4 Nd4 39. Qd1 Qf4 40. Rc1 Nxb3 41. Rb1 Nd2 42. Ra1 Qf1+ 43. Kh2 Rf2 44. Qxf1 Rxf1 45. Ra2 h4 46. Ra3 Rb1 47. Ra2 Nf1+ 48. Kg1 Rf8 49. g4 Ne3+ 0-1